[Event "Czech Open GM 2020"]
[Site "Pardubice"]
[Date "2020.09.24"]
[Round "4.3"]
[White "Kevlishvili, Robby"]
[Black "Plat, Vojtech"]
[Result "1/2-1/2"]
[WhiteElo "2478"]
[BlackElo "2566"]
[Annotator "TA"]
[PlyCount "43"]
[EventDate "2020.09.21"]
[EventCountry "CZE"]
[SourceTitle "playchess.com"]
[Source "ChessBase"]
[SourceQuality "1"]

{[%evp 17,43,36,64,51,57,43,74,38,51,19,37,21,14,24,36,14,10,28,131,141,123,32,32,25,102,0,4,0]} 1. e4 c5 2. Nf3 g6 3. c3 Bg7 4. d4 cxd4 5. cxd4 d6 6. h3 Nf6 7. Nc3 O-O 8. Bd3 Nc6 9. O-O a6 10. Be3 {B07: Pirc Defence: Miscellaneous Systems.} b5 11. Rc1 Bb7 12. Re1 {White is better.} Rc8 {[#]} 13. Qe2 $146 ({Predecessor:} 13. d5 Na5 14. Bd4 Nd7 15. Bxg7 Kxg7 16. b3 Qb6 17. Qd2 Rc7 18. Rcd1 Rfc8 19. Ne2 {½-½ (58) Wen,Y (2571)-Khoroshev,N (2286) Hamedan 2018}) 13... Na5 14. Nd2 Nd7 15. a4 $36 {[%mdl 2048] White fights for an advantage.} b4 16. Nd5 {[#] aiming for Rxc8.} Rxc1 17. Rxc1 e6 (17... Bxd5 $1 $11 18. exd5 Nb6) 18. Nxb4 $16 Qb6 19. Nc2 (19. Nxa6 $16 {b4 is the strong threat.} Qxb2 20. Rb1) 19... Qxb2 $14 20. Rb1 Qa2 (20... Qc3 $11) 21. Ra1 (21. Qd1 $16) 21... Qb2 $11 22. Rb1 {Accuracy: White = 56%, Black = 68%.} 1/2-1/2

[Event "Czech Open GM 2020"]
[Site "Pardubice"]
[Date "2020.09.24"]
[Round "4.4"]
[White "Mendonca, Leon Luke"]
[Black "Szpar, Milosz"]
[Result "1/2-1/2"]
[WhiteElo "2490"]
[BlackElo "2397"]
[Annotator "ChessBase"]
[PlyCount "54"]
[EventDate "2020.09.21"]
[EventCountry "CZE"]
[SourceTitle "playchess.com"]
[Source "ChessBase"]
[SourceQuality "1"]
[TimeControl "40/5400+30:1800+30"]

1. d4 {[%emt 0:00:00]} Nf6 {[%emt 0:00:00]} 2. c4 {[%emt 0:00:32]} e6 {[%emt 0:00:00]} 3. Nc3 {[%emt 0:00:55]} Bb4 {[%emt 0:00:23]} 4. e3 {[%emt 0:00:17]} O-O {[%emt 0:00:25]} 5. Bd2 {[%emt 0:00:22]} b6 {[%emt 0:02:33]} 6. Nf3 {[%emt 0:01:06]} Bb7 {[%emt 0:00:55]} 7. Bd3 {[%emt 0:00:24]} d6 {[%emt 0:01:21]} 8. O-O {[%emt 0:23:19]} Nbd7 {[%emt 0:05:22]} 9. a3 {[%emt 0:03:07]} Bxc3 {[%emt 0:02:07]} 10. Bxc3 {[%emt 0:00:05]} Ne4 {[%emt 0:08:02]} 11. Be1 {[%emt 0:09:17]} c5 {[%emt 0:17:27]} 12. dxc5 {[%emt 0:21:45]} dxc5 {[%emt 0:06:04]} 13. Qc2 {[%emt 0:02:27]} Ndf6 {[%emt 0:06:53]} 14. Nd2 {[%emt 0:03:23]} Nxd2 {[%emt 0:04:28]} 15. Bxd2 {[%emt 0:00:23]} Be4 {[%emt 0:01:22]} 16. Bxe4 {[%emt 0:02:28]} Nxe4 {[%emt 0:00:07]} 17. Rad1 {[%emt 0:03:34]} Nxd2 {[%emt 0:01:09]} 18. Rxd2 {[%emt 0:00:19]} Qe7 {[%emt 0:07:36]} 19. Rfd1 {[%emt 0:02:48]} Rad8 {[%emt 0:01:07]} 20. h3 {[%emt 0:03:13]} Rxd2 {[%emt 0:05:31]} 21. Qxd2 {[%emt 0:00:09]} f6 {[%emt 0:01:48]} 22. Qd3 {[%emt 0:02:08]} h6 {[%emt 0:05:57]} 23. b3 {[%emt 0:03:41]} f5 {[%emt 0:04:21]} 24. a4 {[%emt 0:10:32]} Kf7 {[%emt 0:03:51]} 25. g3 {[%emt 0:01:19]} Rc8 {[%emt 0:01:43]} 26. Qd7 {[%emt 0:03:38]} Rc7 {[%emt 0:01:29]} 27. Qb5 {[%emt 0:01:35]} Qe8 {[%emt 0:01:42]} 1/2-1/2

[Event "Czech Open GM 2020"]
[Site "Pardubice"]
[Date "2020.09.24"]
[Round "4.5"]
[White "Sorensen, Hampus"]
[Black "Golubka, Petro"]
[Result "0-1"]
[WhiteElo "2361"]
[BlackElo "2488"]
[Annotator "TA"]
[PlyCount "66"]
[EventDate "2020.09.21"]
[EventCountry "CZE"]
[SourceTitle "playchess.com"]
[Source "ChessBase"]
[SourceQuality "1"]

{[%evp 9,66,-8,-15,-14,0,-20,52,-15,-12,-10,0,-64,-64,-74,-79,-78,-63,-82,-78,-59,-66,-72,-76,-164,-163,-217,-212,-250,-242,-233,-233,-235,-229,-250,-241,-320,-337,-292,-356,-319,-261,-256,-193,-165,-98,-98,-91,-232,-227,-233,-232,-629,-738,-704,-645,-808,-783,-5118,-2158]} 1. d4 Nf6 2. c4 e6 3. Nf3 d5 4. Bg5 Bb4+ 5. Nbd2 dxc4 6. e3 {D30: Queen's Gambit Declined: Systems without Nc3.} b5 7. a3 Ba5 (7... Bxd2+ $1 $11 8. Nxd2 Bb7) 8. a4 {[#]} (8. Be2 $1 $14) 8... c6 $146 ({Predecessor:} 8... a6 9. Be2 O-O 10. O-O Bb7 11. Qc2 h6 12. Bh4 Nbd7 13. Rfd1 Qe7 14. Ne5 Qd6 {0-1 (48) Sorensen,H (2361)-Gavrilescu,D (2476) chess.com INT 2020}) 9. Qc2 Nbd7 10. g3 (10. b3 $11) 10... Bb7 $36 {[%mdl 2048] Black is more active.} 11. Bg2 a6 12. O-O {[#]} c5 $1 13. Bxf6 Nxf6 14. axb5 axb5 15. dxc5 O-O 16. e4 (16. Rfb1 $17) 16... Nd7 $19 {[%cal Bf6d7,Bd7c5,Bc5d3][%mdl 32]} 17. Rfd1 (17. c6 $142 Bxc6 18. Nd4) 17... Qc7 18. e5 {intending Ng5.} Bxd2 19. Rxa8 Bxa8 ({Don't play} 19... Rxa8 20. Qxd2 Nxc5 21. Qd6) 20. Qxd2 Nxc5 21. Qd6 Qa7 22. Nd4 Bxg2 23. Kxg2 {And now Nc6 would win.} Nd3 24. Rd2 Qa5 25. Re2 Rd8 26. Qc6 {[#]} b4 (26... Rb8 $1 $19 27. f4 Nb4) 27. Qxc4 $17 Nxe5 28. Qb5 {White does not recover from this.} (28. Qc2 $17) 28... Qa8+ $19 29. f3 f6 ({Don't take} 29... Rxd4 30. Qxe5 Rd3 31. Rf2 $17) 30. Rxe5 $2 (30. Re4 Nxf3 31. Qc6) 30... fxe5 {Black is clearly winning.} 31. Nxe6 Qd5 32. Qb6 Qd2+ {[%mdl 64] Double Attack} 33. Kg1 Rc8 {Accuracy: White = 43%, Black = 73%.} (33... Ra8 $142 34. Qf2 Qc1+ 35. Kg2 Ra2) 0-1

[Event "Czech Open GM 2020"]
[Site "Pardubice"]
[Date "2020.09.24"]
[Round "4.6"]
[White "Bulockin, Martin"]
[Black "Vrolijk, Liam"]
[Result "0-1"]
[WhiteElo "2297"]
[BlackElo "2481"]
[Annotator "TA"]
[PlyCount "92"]
[EventDate "2020.09.21"]
[EventCountry "CZE"]
[SourceTitle "playchess.com"]
[Source "ChessBase"]
[SourceQuality "1"]

{[%evp 9,92,0,45,0,22,-29,-8,-29,-35,-43,-34,-19,-29,-38,-29,-26,-20,-67,-80,-75,-56,-81,-77,-61,-75,-84,-18,-31,9,0,0,0,0,0,29,16,65,0,0,0,0,0,0,0,0,-49,-50,-60,0,0,0,0,137,-64,128,135,182,192,320,315,538,370,356,358,343,0,0,-3157,-5289,-2006,-2006,-5306,-5169,-1615,-1703,-29981,-29982,-29987,-29988,-29989,-29990,-29991,-29992,-29992,-29993]} 1. d4 Nf6 2. Nf3 d5 3. Bf4 c5 4. e3 Nc6 5. Nbd2 Nh5 6. Be5 {D02: 1 d4 d5 2 Nf3 sidelines, including 2...Nf6 3 g3 and 2...Nf6 3 Bf4.} f6 7. Bg3 ({White should try} 7. c4) 7... cxd4 $11 8. exd4 {The position is equal.} g6 9. c3 Bg7 10. Bb5 O-O {[#]} 11. O-O $146 ({Predecessor:} 11. Qa4 e5 12. dxe5 fxe5 13. Bh4 Qb6 14. Bxc6 bxc6 15. Be7 Rf7 16. Qa3 e4 17. Bc5 {0-1 (28) Tomov,G (2320)-Vishnu,P (2507) Riga 2019}) 11... Nxg3 12. hxg3 a6 13. Bxc6 bxc6 14. Re1 Qd6 15. Qe2 Re8 16. Nb3 e5 17. Nc5 g5 (17... e4 $17 {And now ...Bg4 would win.} 18. Nd2 a5) 18. b4 Bf5 19. Qd2 h6 20. a4 Bg6 21. Nh2 Kh7 22. a5 h5 23. g4 ({White should play} 23. dxe5 $14 fxe5 24. g4 (24. Qxg5 e4 $14)) 23... e4 24. gxh5 Bxh5 25. g4 Bg6 26. Re3 Kg8 27. Rh3 Kf7 28. Kg2 Rh8 (28... f5 $1 $15) 29. Rxh8 $1 Rxh8 30. Rh1 f5 (30... Rh4 $11 {keeps the balance.}) 31. Qe2 $2 ({White has to play} 31. Nf1 $1 $16) 31... Bf8 $2 (31... f4 $1 $15 {keeps the upper hand.} 32. f3 Ra8) 32. Nf1 $16 f4 33. Qxa6 Rxh1 (33... e3 $142 34. Qb7+ (34. Rxh8 f3+ {[%mdl 64] Decoy} 35. Kxf3 Qf4+ 36. Ke2 Qxf2+ 37. Kd1 Qc2+ {[%mdl 64] Double Attack} 38. Ke1 Qf2+ 39. Kd1 Qc2+ {[%mdl 64] Double Attack} 40. Ke1 Qf2+ 41. Kd1 $11) 34... Kg8 35. Rxh8+ (35. fxe3 Rxh1 36. Kxh1 fxe3 $11) 35... Kxh8 36. fxe3 fxe3 37. Nxe3 Qf4) 34. Kxh1 $18 Qf6 $2 (34... e3 {was necessary.} 35. fxe3 fxe3) 35. Qb7+ Kg8 {Strongly threatening ...e3!} 36. Nd7 Qh8+ 37. Nh2 $2 (37. Kg1 $18 e3 38. Qc8 (38. Qxc6 exf2+ 39. Kxf2 Qh4+ 40. Ke2 Qxg4+ 41. Kd2 Qf5 $16) (38. fxe3 Be4 $11) 38... exf2+ 39. Kxf2 Qh4+ {[%mdl 64] Double Attack} 40. Ke2 Qxg4+ 41. Ke1 $1 {[%mdl 512]} Qh4+ 42. Kd1 $1 {[%mdl 512]} Qg4+ 43. Kc1 $1 {[%mdl 512]}) 37... e3 $11 38. Qc8 $2 {[%mdl 8192]} (38. fxe3 $11 Qh4 39. Nf6+ Kh8 40. Qc8 Qe1+ 41. Kg2 Qg3+ 42. Kh1 Qe1+ 43. Kg2 Qg3+ 44. Kh1 Qe1+) 38... Be4+ $19 39. f3 Qh6 {( -> ...e2)} 40. Nxf8 {[#]} e2 $1 {[%cal Re2e1]} 41. Ne6+ Kh7 42. Qd7+ Kg6 {Black mates.} 43. Nxf4+ gxf4 44. Qd6+ {[#]} Kg5 $1 {[%mdl 512]} 45. Qe5+ Kh4 46. Kg2 e1=Q {Quite a comeback for Black. Accuracy: White = 67%, Black = 58%.} 0-1

[Event "Czech Open GM 2020"]
[Site "Pardubice"]
[Date "2020.09.24"]
[Round "4.7"]
[White "Parvanyan, Ashot"]
[Black "Balinski, Damian"]
[Result "1-0"]
[WhiteElo "2458"]
[BlackElo "2158"]
[Annotator "ChessBase"]
[PlyCount "57"]
[EventDate "2020.09.21"]
[EventCountry "CZE"]
[SourceTitle "playchess.com"]
[Source "ChessBase"]
[SourceQuality "1"]
[TimeControl "40/5400+30:1800+30"]

1. Nf3 {[%emt 0:00:00]} f5 {[%emt 0:00:00]} 2. d3 {[%emt 0:02:09]} g6 {[%emt 0:00:00]} 3. h4 {[%emt 0:02:40]} Nf6 {[%emt 0:06:41]} 4. e4 {[%emt 0:01:25]} d6 {[%emt 0:01:02]} 5. h5 {[%emt 0:18:47]} Nxh5 {[%emt 0:13:23]} 6. exf5 {[%emt 0:10:15]} Bxf5 {[%emt 0:00:31]} 7. Nh4 {[%emt 0:00:48]} Qc8 {[%emt 0:18:31]} 8. Be2 {[%emt 0:08:54]} Nf6 {[%emt 0:02:17]} 9. Nxf5 {[%emt 0:00:27]} Qxf5 {[%emt 0:02:56]} 10. g4 {[%emt 0:01:11]} Qe6 {[%emt 0:01:02]} 11. g5 {[%emt 0:03:55]} Nfd7 {[%emt 0:00:42]} 12. d4 {[%emt 0:02:08]} Nb6 {[%emt 0:07:02]} 13. c4 {[%emt 0:05:57]} c6 {[%emt 0:01:10]} 14. Nc3 {[%emt 0:03:10]} Bg7 {[%emt 0:10:20]} 15. Be3 {[%emt 0:01:55]} N8d7 {[%emt 0:05:21]} 16. Qb3 {[%emt 0:09:30]} d5 {[%emt 0:10:17]} 17. cxd5 {[%emt 0:00:11]} Nxd5 {[%emt 0:00:14]} 18. O-O-O {[%emt 0:05:52]} O-O-O {[%emt 0:01:51]} 19. Rh4 {[%emt 0:07:24]} Qd6 {[%emt 0:02:29]} 20. Nxd5 {[%emt 0:07:24]} Qxd5 {[%emt 0:00:11]} 21. Bc4 {[%emt 0:01:05]} Qa5 {[%emt 0:00:27]} 22. Be6 {[%emt 0:02:05]} Kb8 {[%emt 0:02:13]} 23. Bxd7 {[%emt 0:01:47]} Rxd7 {[%emt 0:00:04]} 24. Qf7 {[%emt 0:00:15]} Rhd8 {[%emt 0:07:02]} 25. Qxg7 {[%emt 0:00:09]} Qxa2 {[%emt 0:00:05]} 26. Rd2 {[%emt 0:01:26]} Qc4+ {[%emt 0:02:48]} 27. Rc2 {[%emt 0:00:06]} Qf1+ {[%emt 0:00:52]} 28. Kd2 {[%emt 0:00:03]} Rxd4+ {[%emt 0:01:20]} 29. Rxd4 {[%emt 0:00:06]} 1-0

[Event "Czech Open GM 2020"]
[Site "Pardubice"]
[Date "2020.09.24"]
[Round "4.8"]
[White "Vogel, Roven"]
[Black "Rabatin, Jakub"]
[Result "1-0"]
[WhiteElo "2456"]
[BlackElo "2291"]
[Annotator "ChessBase"]
[PlyCount "81"]
[EventDate "2020.09.21"]
[EventCountry "CZE"]
[SourceTitle "playchess.com"]
[Source "ChessBase"]
[SourceQuality "1"]
[TimeControl "40/5400+30:1800+30"]

1. d4 {[%emt 0:00:06]} Nf6 {[%emt 0:00:00]} 2. c4 {[%emt 0:00:06]} g6 {[%emt 0:00:00]} 3. Nc3 {[%emt 0:00:10]} Bg7 {[%emt 0:00:00]} 4. g3 {[%emt 0:00:09]} O-O {[%emt 0:00:00]} 5. Bg2 {[%emt 0:00:06]} d6 {[%emt 0:00:00]} 6. Nf3 {[%emt 0:00:09]} Nbd7 {[%emt 0:01:03]} 7. O-O {[%emt 0:00:13]} e5 {[%emt 0:00:05]} 8. e4 {[%emt 0:00:10]} exd4 {[%emt 0:05:38]} 9. Nxd4 {[%emt 0:00:12]} Re8 {[%emt 0:00:07]} 10. h3 {[%emt 0:00:35]} Nc5 {[%emt 0:00:27]} 11. Re1 {[%emt 0:00:31]} a5 {[%emt 0:02:27]} 12. Ndb5 {[%emt 0:05:32]} Bd7 {[%emt 0:01:31]} 13. Bf4 {[%emt 0:03:38]} Bxb5 {[%emt 0:13:40]} 14. cxb5 {[%emt 0:00:34]} Nfd7 {[%emt 0:00:07]} 15. Qc2 {[%emt 0:08:33]} h5 {[%emt 0:01:11]} 16. h4 {[%emt 0:04:09]} Ne6 {[%emt 0:07:26]} 17. Be3 {[%emt 0:02:41]} Ne5 {[%emt 0:01:20]} 18. Rad1 {[%emt 0:02:11]} Rb8 {[%emt 0:13:26]} 19. f4 {[%emt 0:30:44]} Ng4 {[%emt 0:04:16]} 20. e5 {[%emt 0:00:09]} Qc8 {[%emt 0:26:42]} 21. f5 {[%emt 0:02:39]} gxf5 {[%emt 0:07:29]} 22. Qxf5 {[%emt 0:02:59]} Bxe5 {[%emt 0:01:06]} 23. Rf1 {[%emt 0:03:20]} Ng7 {[%emt 0:06:38]} 24. Qxf7+ {[%emt 0:00:45]} Kh8 {[%emt 0:00:03]} 25. Ba7 {[%emt 0:03:39]} Ra8 {[%emt 0:01:38]} 26. Bd4 {[%emt 0:00:15]} Rf8 {[%emt 0:02:48]} 27. Qxf8+ {[%emt 0:03:59]} Qxf8 {[%emt 0:00:01]} 28. Rxf8+ {[%emt 0:00:08]} Rxf8 {[%emt 0:00:02]} 29. Bxe5 {[%emt 0:01:09]} dxe5 {[%emt 0:04:35]} 30. Rd7 {[%emt 0:00:32]} Ne6 {[%emt 0:00:34]} 31. Bxb7 {[%emt 0:05:27]} Nd4 {[%emt 0:00:05]} 32. Be4 {[%emt 0:02:35]} Ne3 {[%emt 0:00:38]} 33. Rh7+ {[%emt 0:01:12]} Kg8 {[%emt 0:00:03]} 34. Rxh5 {[%emt 0:00:05]} Rf1+ {[%emt 0:00:52]} 35. Kh2 {[%emt 0:00:02]} Rf2+ {[%emt 0:00:55]} 36. Kh3 {[%emt 0:00:19]} Rxb2 {[%emt 0:00:33]} 37. Rxe5 {[%emt 0:00:30]} Nf1 {[%emt 0:00:31]} 38. Bg2 {[%emt 0:01:46]} Nd2 {[%emt 0:00:21]} 39. Rc5 {[%emt 0:01:32]} Rc2 {[%emt 0:00:37]} 40. Rxc7 {[%emt 0:00:39]} Nb1 {[%emt 0:00:29]} 41. b6 {[%emt 0:31:02]} 1-0

[Event "Czech Open GM 2020"]
[Site "Pardubice"]
[Date "2020.09.24"]
[Round "4.9"]
[White "Jarmula, Lukasz"]
[Black "Brozka, Karel"]
[Result "1-0"]
[WhiteElo "2444"]
[BlackElo "2025"]
[Annotator "NA"]
[PlyCount "57"]
[EventDate "2020.09.21"]
[EventCountry "CZE"]
[SourceTitle "playchess.com"]
[Source "ChessBase"]
[SourceQuality "1"]
[TimeControl "40/5400+30:1800+30"]

1. d4 {[%emt 0:00:00]} Nf6 {[%emt 0:00:00]} 2. c4 {[%emt 0:00:00]} g6 {[%emt 0:00:00]} 3. f3 {[%emt 0:00:00]} Bg7 {[%emt 0:00:19]} 4. e4 {[%emt 0:00:00]} d6 {[%emt 0:00:27]} 5. Nc3 {[%emt 0:00:00]} O-O {[%emt 0:02:08]} 6. Nge2 {[%emt 0:00:07]} e5 {[%emt 0:00:55]} 7. Be3 {[%emt 0:00:44]} Nbd7 {[%emt 0:04:08]} 8. Qd2 {[%emt 0:00:53]} Re8 {[%emt 0:02:09]} 9. d5 {[%emt 0:03:15]} a5 {[%emt 0:06:50]} 10. O-O-O {[%emt 0:03:30]} b6 {[%emt 0:04:35]} 11. g4 {[%emt 0:05:48]} Nc5 {[%emt 0:09:46]} 12. Ng3 {[%emt 0:00:40]} Nfd7 {[%emt 0:09:02]} 13. h4 {[%emt 0:00:47]} f6 {[%emt 0:02:41]} 14. g5 {[%emt 0:01:38]} Nf8 {[%emt 0:02:14]} 15. h5 {[%emt 0:03:35]} f5 {[%emt 0:07:29]} 16. exf5 {[%emt 0:00:20]} gxf5 {[%emt 0:00:34]} 17. f4 {[%emt 0:00:11]} exf4 {[%emt 0:00:33]} 18. Bxf4 {[%emt 0:00:07]} Ne4 {[%emt 0:00:33]} 19. Ncxe4 {[%emt 0:01:16]} fxe4 {[%emt 0:00:39]} 20. Re1 {[%emt 0:01:06]} Bg4 {[%emt 0:05:02]} 21. Nxe4 {[%emt 0:02:51]} Bf3 {[%emt 0:02:25]} 22. Bg2 {[%emt 0:00:42]} Bxg2 {[%emt 0:00:07]} 23. Qxg2 {[%emt 0:00:13]} Nd7 {[%emt 0:03:05]} 24. h6 {[%emt 0:01:35]} Be5 {[%emt 0:01:12]} 25. Nf6+ {[%emt 0:03:02]} Kh8 {[%emt 0:00:55]} 26. Nxe8 {[%emt 0:00:29]} Bxf4+ {[%emt 0:00:14]} 27. Kb1 {[%emt 0:00:09]} Ne5 {[%emt 0:00:48]} 28. Nf6 {[%emt 0:00:35]} Nxc4 {[%emt 0:01:00]} 29. Qc2 {[%emt 0:00:22]} 1-0

[Event "Czech Open GM 2020"]
[Site "Pardubice"]
[Date "2020.09.24"]
[Round "4.10"]
[White "Krasteva, Beloslava"]
[Black "Koziak, Vitali"]
[Result "1-0"]
[WhiteElo "2296"]
[BlackElo "2434"]
[Annotator "NA"]
[PlyCount "67"]
[EventDate "2020.09.21"]
[EventCountry "CZE"]
[SourceTitle "playchess.com"]
[Source "ChessBase"]
[SourceQuality "1"]
[TimeControl "40/5400+30:1800+30"]

1. d4 {[%emt 0:00:00]} Nf6 {[%emt 0:00:00]} 2. c4 {[%emt 0:00:00]} g6 {[%emt 0:00:00]} 3. Nc3 {[%emt 0:00:07]} d5 {[%emt 0:00:00]} 4. cxd5 {[%emt 0:01:02]} Nxd5 {[%emt 0:00:00]} 5. e4 {[%emt 0:00:07]} Nxc3 {[%emt 0:00:03]} 6. bxc3 {[%emt 0:00:05]} Bg7 {[%emt 0:00:05]} 7. Be3 {[%emt 0:00:16]} c5 {[%emt 0:01:01]} 8. Rc1 {[%emt 0:01:06]} Qa5 {[%emt 0:06:17]} 9. Qd2 {[%emt 0:00:49]} cxd4 {[%emt 0:04:16]} 10. cxd4 {[%emt 0:00:07]} Qxd2+ {[%emt 0:00:14]} 11. Bxd2 {[%emt 0:00:05]} O-O {[%emt 0:01:17]} 12. Be3 {[%emt 0:05:25]} Nc6 {[%emt 0:10:15]} 13. d5 {[%emt 0:03:17]} Nb4 {[%emt 0:03:40]} 14. Bd2 {[%emt 0:07:01]} a5 {[%emt 0:01:59]} 15. a3 {[%emt 0:03:44]} Bb2 {[%emt 0:03:30]} 16. axb4 {[%emt 0:03:43]} Bxc1 {[%emt 0:00:13]} 17. Bxc1 {[%emt 0:00:07]} axb4 {[%emt 0:00:28]} 18. Bd3 {[%emt 0:08:03]} e6 {[%emt 0:22:07]} 19. d6 {[%emt 0:11:12]} Ra1 {[%emt 0:00:19]} 20. Ne2 {[%emt 0:00:22]} e5 {[%emt 0:00:58]} 21. f4 {[%emt 0:02:01]} exf4 {[%emt 0:10:42]} 22. O-O {[%emt 0:00:57]} g5 {[%emt 0:02:15]} 23. Bb2 {[%emt 0:03:30]} Rxf1+ {[%emt 0:05:57]} 24. Kxf1 {[%emt 0:00:02]} Bd7 {[%emt 0:13:16]} 25. Bf6 {[%emt 0:10:46]} Ra8 {[%emt 0:05:33]} 26. Bc4 {[%emt 0:04:00]} h6 {[%emt 0:03:48]} 27. Ke1 {[%emt 0:03:09]} Ra3 {[%emt 0:02:34]} 28. Bd5 {[%emt 0:06:03]} b6 {[%emt 0:00:45]} 29. Nd4 {[%emt 0:03:09]} Ra1+ {[%emt 0:00:02]} 30. Kd2 {[%emt 0:00:22]} g4 {[%emt 0:01:11]} 31. e5 {[%emt 0:06:00]} Kf8 {[%emt 0:00:11]} 32. e6 {[%emt 0:01:44]} fxe6 {[%emt 0:00:07]} 33. Nxe6+ {[%emt 0:02:18]} Bxe6 {[%emt 0:00:11]} 34. Bxe6 {[%emt 0:00:08]} 1-0

[Event "Czech Open GM 2020"]
[Site "Pardubice"]
[Date "2020.09.24"]
[Round "4.11"]
[White "Ochedzan, Tymon"]
[Black "Haba, Petr"]
[Result "1-0"]
[WhiteElo "2214"]
[BlackElo "2461"]
[Annotator "TA"]
[PlyCount "89"]
[EventDate "2020.09.21"]
[EventCountry "CZE"]
[SourceTitle "playchess.com"]
[Source "ChessBase"]
[SourceQuality "1"]

{[%evp 24,89,22,-4,-7,-23,45,0,0,0,0,-84,-88,-88,-81,-97,-88,-77,-74,-60,-69,-104,-100,-96,-58,-71,60,65,70,78,83,70,71,79,86,36,183,184,187,185,181,186,193,206,168,177,258,243,292,293,282,279,268,275,261,260,293,277,471,452,460,621,694,584,574,551,523,375]} 1. e4 c6 2. d4 d5 3. Nc3 dxe4 4. Nxe4 Bf5 5. Ng3 Bg6 6. h4 h6 7. Nf3 Nd7 8. h5 Bh7 9. Bd3 Bxd3 10. Qxd3 e6 11. Bd2 Ngf6 12. O-O-O Be7 13. Kb1 Qb6 {B19: Classical Caro-Kann: 4...Bf5 main line.} 14. c4 Rd8 ({Better is} 14... O-O $11) 15. Bf4 O-O {The position is equal.} 16. Qc2 Rfe8 17. Nf1 {[#]} (17. Ne5 $11 {keeps the balance.}) 17... c5 $1 $17 18. d5 exd5 19. cxd5 Bd6 20. Bc1 {[#]} c4 $146 ({Predecessor:} 20... Ne5 21. Ne3 Neg4 22. Nxg4 Nxg4 23. Rh4 Ne5 24. Qf5 Nxf3 25. Qxf3 Be5 26. Re4 Bd4 {0-1 (55) Mai,A (2033)-Prieto Aranguren,A (2276) Sanxenxo 2018}) 21. Ne3 {[#]} c3 $1 {[%mdl 512]} 22. Ka1 (22. Qxc3 Ne4) 22... cxb2+ 23. Bxb2 Qa6 24. g4 Ba3 ({Black should try} 24... Rc8 $17 25. Qf5 Ba3) 25. g5 $1 $14 {[%cal Rg5f6]} Bxb2+ 26. Qxb2 hxg5 27. Nxg5 {Strongly threatening h6.} Qb6 $1 28. h6 {Qd2 is the strong threat.} Qxb2+ 29. Kxb2 {Hoping for hxg7.} g6 {Black cannot hold the game after this.} (29... Nf8 $14) 30. h7+ $18 Kg7 31. Rdg1 {Nf5+! would kill now.} Rh8 32. Nf5+ $1 Kf8 33. Nh6 Ne5 34. f4 $36 {[%mdl 2048] Keeping Black busy.} Nc4+ (34... Nd3+ {was called for.} 35. Kc3 Rxd5) 35. Kb3 Nd6 {[#]} 36. Nhxf7 $1 {[%mdl 576] Remove Defender} Nxf7 37. Ne6+ {[%mdl 64] Double Attack, Discovered Attack} Ke7 38. Nxd8 Nxd8 39. Rxg6 Kf7 40. f5 Ne8 $2 (40... b6 {might work better.} 41. Kc4 Nb7) 41. Kc4 {White is clearly winning.} Ng7 42. Rd6 {Threatens to win with Rd7+.} Ke8 43. Rg1 {And now Rxd8+! would win.} Nf7 44. f6 ({And not} 44. Rxg7 Nxd6+ 45. Kb4 Kf8 $11) 44... Nxd6+ 45. Kb3 {Accuracy: White = 86%, Black = 60%.} 1-0

[Event "Czech Open GM 2020"]
[Site "Pardubice"]
[Date "2020.09.24"]
[Round "4.12"]
[White "Pogan, Nikolas"]
[Black "Lizak, Peter"]
[Result "1/2-1/2"]
[WhiteElo "2212"]
[BlackElo "2457"]
[Annotator "ChessBase"]
[PlyCount "57"]
[EventDate "2020.09.21"]
[EventCountry "CZE"]
[SourceTitle "playchess.com"]
[Source "ChessBase"]
[SourceQuality "1"]
[TimeControl "40/5400+30:1800+30"]

1. Nf3 {[%emt 0:01:32]} Nf6 {[%emt 0:00:11]} 2. c4 {[%emt 0:00:36]} b6 {[%emt 0:04:30]} 3. g3 {[%emt 0:00:24]} Bb7 {[%emt 0:00:07]} 4. Bg2 {[%emt 0:00:04]} g6 {[%emt 0:00:11]} 5. Nc3 {[%emt 0:00:06]} Bg7 {[%emt 0:00:07]} 6. O-O {[%emt 0:00:09]} O-O {[%emt 0:00:06]} 7. d4 {[%emt 0:00:03]} Ne4 {[%emt 0:00:21]} 8. Nxe4 {[%emt 0:00:04]} Bxe4 {[%emt 0:00:10]} 9. Be3 {[%emt 0:00:02]} d6 {[%emt 0:00:52]} 10. Qd2 {[%emt 0:00:26]} Nd7 {[%emt 0:00:21]} 11. Bh6 {[%emt 0:02:36]} c5 {[%emt 0:02:58]} 12. Bxg7 {[%emt 0:03:49]} Kxg7 {[%emt 0:00:10]} 13. Rac1 {[%emt 0:00:27]} Nf6 {[%emt 0:01:04]} 14. Rfd1 {[%emt 0:00:25]} Qc7 {[%emt 0:01:51]} 15. Qc3 {[%emt 0:03:27]} Rab8 {[%emt 0:13:47]} 16. Nd2 {[%emt 0:17:03]} Bxg2 {[%emt 0:05:52]} 17. Kxg2 {[%emt 0:00:15]} cxd4 {[%emt 0:00:39]} 18. Qxd4 {[%emt 0:00:21]} Qc6+ {[%emt 0:06:40]} 19. f3 {[%emt 0:03:12]} Rfd8 {[%emt 0:04:50]} 20. e4 {[%emt 0:09:21]} Qa4 {[%emt 0:10:49]} 21. b3 {[%emt 0:08:47]} Qa3 {[%emt 0:02:42]} 22. Qa1 {[%emt 0:00:39]} Qc5 {[%emt 0:07:29]} 23. Nb1 {[%emt 0:01:30]} Rbc8 {[%emt 0:17:04]} 24. Nc3 {[%emt 0:00:28]} Kg8 {[%emt 0:04:33]} 25. Qb2 {[%emt 0:10:03]} Qe5 {[%emt 0:01:33]} 26. Qf2 {[%emt 0:05:36]} Qc5 {[%emt 0:04:23]} 27. Qb2 {[%emt 0:04:04]} Qe5 {[%emt 0:01:04]} 28. Qf2 {[%emt 0:00:07]} Qc5 {[%emt 0:06:09]} 29. Qb2 {[%emt 0:06:05]} 1/2-1/2